Statistics for World Capitals Inside Squares

Click here to take the quiz!

General Stats

  • This quiz has been taken 56 times
  • The average score is 14 of 20

Answer Stats

capitalscapital% Correct
London, Berlin, Rome/Vatican, MadridBrussels
96%
London, Berlin, Rome/Vatican, MadridParis
96%
London, Berlin, Rome/Vatican, MadridBern
95%
London, Berlin, Rome/Vatican, MadridAndorra la Vella
87%
London, Berlin, Rome/Vatican, MadridMonaco
87%
London, Berlin, Rome/Vatican, MadridLuxembourg
85%
Moscow, Helsinki, Warsaw, KievRiga
78%
London, Berlin, Rome/Vatican, MadridVaduz
76%
Moscow, Helsinki, Warsaw, KievVilnius
75%
Moscow, Helsinki, Warsaw, KievMinsk
73%
Taipei, Bangkok, Beijing, TokyoHanoi
71%
Moscow, Helsinki, Warsaw, KievTallinn
71%
London, Berlin, Rome/Vatican, MadridSan Marino
69%
Taipei, Bangkok, Beijing, TokyoSeoul
69%
Tunis, Rabat, Niamey, CairoTripoli
67%
Lusaka, Antananarivo, Pretoria, GaboroneHarare
55%
Taipei, Bangkok, Beijing, TokyoVientiane
49%
Reykjavik, Ottawa, Caracas, LisbonSt Johns
38%
Reykjavik, Ottawa, Caracas, LisbonBasseterre
31%
Reykjavik, Ottawa, Caracas, LisbonRoseau
29%

Score Distribution

Percentile by Number Answered

Percent of People with Each Score

Your Score History

You have not taken this quiz